Economics / (Record no. 359375)
[ view plain ]
| 000 -LEADER | |
|---|---|
| fixed length control field | 00360nam a2200133Ia 4500 |
| 008 - FIXED-LENGTH DATA ELEMENTS--GENERAL INFORMATION | |
| fixed length control field | 181023s9999 xx 000 0 und d |
| 020 ## - INTERNATIONAL STANDARD BOOK NUMBER | |
| International Standard Book Number | 9781260083286 |
| 100 ## - MAIN ENTRY--PERSONAL NAME | |
| Personal name | Karlan, Dean. |
| 245 ## - TITLE STATEMENT | |
| Statement of responsibility, etc | Dean Karlan, Jonathan Morduch.-- |
| Title | Economics / |
| 250 ## - EDITION STATEMENT | |
| Edition statement | 2nd ed |
| 260 ## - PUBLICATION, DISTRIBUTION, ETC. (IMPRINT) | |
| Place of publication, distribution, etc | New York : |
| Name of publisher, distributor, etc | McGraw Hill |
| Date of publication, distribution, etc | 2018 |
| 300 ## - PHYSICAL DESCRIPTION | |
| Extent | xli, 982 pages. |
| 650 ## - SUBJECT ADDED ENTRY--TOPICAL TERM | |
| Topical term or geographic name as entry element | Economics. |
| Withdrawn status | Lost status | Source of classification or shelving scheme | Damaged status | Collection code | Home library | Current library | Shelving location | Date acquired | Source of acquisition | Total Checkouts | Total Renewals | Full call number | Barcode | Date last seen | Date checked out | Price effective from | Koha item type |
|---|---|---|---|---|---|---|---|---|---|---|---|---|---|---|---|---|---|
| Library of Congress Classification | Reference | College Library | College Library | Reserve Section | 10/23/2018 | Library Fund | 3 | 2 | HB 171.5 .K18 2018 | C21734 | 09/16/2019 | 09/06/2019 | 10/23/2018 | Books |